00936nam a22002657a 450000500170000001000130001702000220003003500130005203700160006504000120008108200170009324500770011026000340018727000460022130000200026765000370028765000450032465000400036965000430040970000220045270000220047494200260049699900190052295201290054120170124110017.0 aA-998156 c00.00a8185999120 aA-998156 bCen Lib/Ret aDPLbEN a303.372bSOC aSocial justice and women in India /cedited by M.P.Sube [and] Neeta Bora aDelhibSwaraj Prakashanc1999 bDelhia146/D-16, Sector 7, Rohinie110085 a348p.c22cm(Hb) aWomen-- Social conditions.98449 aWomen -- Economic conditions.x 918897 v aबाल विकास 91054 a बाल देखभाल v 9898 aDube, M.P.918898 aBora, Neeta98136 2ddccENh303.372mSOC c126933d126933 001040718REFaLbLd2015-06-26eCen Lib/Retg0.00l0o303.372 SOCpA-998156r2015-06-26 00:00:00t1v0.00w2015-06-26yEN